[Event "ODJM C 2018"]
[Site "Willingen GER"]
[Date "2018.05.23"]
[Round "6"]
[White "Senechal, Niklas Bennett"]
[Black "Borriss, Benjamin"]
[Result "1-0"]
[Termination "normal"]
[Board "3"]
[WhiteElo "1395"]
[BlackElo "1272"]
[WhiteClock "00:33:45"]
[BlackClock "00:55:49"]
[PlyCount "105"]
[WhiteFideId "16231180"]
[BlackFideId "16266099"]
[EventCountry "GER"]
[EventRounds "9"]
[EventType "swiss"]
[EventDate "2018.05.19"]

1. e4 {[%clk 1:30:56]} 1... e5 {[%clk 1:30:54]} 2. Nf3 {[%clk 1:31:10]} 2...
Nc6 {[%clk 1:31:14]} 3. Bb5 {[%clk 1:31:30]} 3... a6 {[%clk 1:31:31]} 4. Ba4 {
[%clk 1:31:27]} 4... Nf6 {[%clk 1:31:54]} 5. O-O {[%clk 1:31:22]} 5... b5 {
[%clk 1:32:14]} 6. Bb3 {[%clk 1:31:43]} 6... Bc5 {[%clk 1:32:33]} 7. Re1 {
[%clk 1:31:29]} 7... d6 {[%clk 1:32:46]} 8. d3 {[%clk 1:31:41]} 8... h6 { [%clk
1:32:58]} 9. Nc3 9... Bg4 {[%clk 1:31:50]} 10. h3 {[%clk 1:24:24]} 10... Bh5
{[%clk 1:30:37]} 11. Nd5 {[%clk 1:16:36]} 11... Nd4 {[%clk 1:28:29]} 12. g4
{[%clk 1:12:40]} 12... Nxg4 {[%clk 1:27:51]} 13. Nxd4 {[%clk 1:11:51]} 13...
Qh4 {[%clk 1:23:30]} 14. Qf3 {[%clk 1:02:53]} 14... Bxd4 {[%clk 1:17:44]} 15.
hxg4 {[%clk 1:01:04]} 15... Bxg4 {[%clk 1:17:50]} 16. Qg2 {[%clk 1:00:19]}
16... O-O-O {[%clk 1:15:07]} 17. c3 {[%clk 0:57:12]} 17... Bc5 {[%clk 1:14:31]}
18. Be3 {[%clk 0:57:03]} 18... f5 {[%clk 1:11:29]} 19. Qg3 {[%clk 0:53:20]}
19... Qh5 {[%clk 1:09:57]} 20. exf5 {[%clk 0:50:10]} 20... Bxf5 {[%clk 1:09:30]
} 21. Qxg7 {[%clk 0:49:19]} 21... Qg4+ {[%clk 1:09:27]} 22. Qxg4 { [%clk
0:49:24]} 22... Bxg4 {[%clk 1:09:51]} 23. Kg2 {[%clk 0:48:22]} 23... c6 { [%clk
1:08:52]} 24. f3 {[%clk 0:46:04]} 24... cxd5 {[%clk 1:05:36]} 25. fxg4 { [%clk
0:45:06]} 25... Rhg8 {[%clk 1:04:12]} 26. Kh3 {[%clk 0:43:54]} 26... Rgf8
{[%clk 1:03:41]} 27. Bxd5 {[%clk 0:42:24]} 27... Bxe3 {[%clk 1:03:35]} 28. Rxe3
{[%clk 0:42:36]} 28... Rf2 {[%clk 1:03:53]} 29. Rb1 {[%clk 0:42:41]} 29... Rdf8
{[%clk 1:04:04]} 30. Kg3 {[%clk 0:40:30]} 30... Rd2 {[%clk 1:03:34]} 31. Be6+ {
[%clk 0:40:07]} 31... Kc7 {[%clk 1:03:18]} 32. Bf5 {[%clk 0:36:43]} 32... h5 {
[%clk 1:02:42]} 33. Rf3 {[%clk 0:35:27]} 33... hxg4 {[%clk 1:02:32]} 34. Bxg4 {
[%clk 0:33:45]} 34... Rxf3+ {[%clk 1:01:51]} 35. Bxf3 {[%clk 0:33:37]} 35...
Rxd3 {[%clk 1:02:14]} 36. Rd1 {[%clk 0:33:52]} 36... Rxd1 {[%clk 1:01:36]} 37.
Bxd1 {[%clk 0:34:14]} 37... Kc6 {[%clk 1:01:26]} 38. Kf3 {[%clk 0:34:12]} 38...
d5 {[%clk 1:01:24]} 39. Ke3 {[%clk 0:34:25]} 39... Kc5 {[%clk 1:01:30]} 40. Kd2
{[%clk 0:33:55]} 40... a5 {[%clk 1:01:33]} 41. Bc2 {[%clk 0:33:22]} 41... Kc4 {
[%clk 0:59:08]} 42. Bd3+ {[%clk 0:33:10]} 42... Kc5 {[%clk 0:59:30]} 43. Be2 {
[%clk 0:32:57]} 43... a4 {[%clk 0:58:16]} 44. a3 {[%clk 0:32:25]} 44... e4 {
[%clk 0:55:06]} 45. Ke3 {[%clk 0:32:10]} 45... Kb6 {[%clk 0:55:02]} 46. Kd4 {
[%clk 0:32:24]} 46... Kc6 {[%clk 0:55:24]} 47. Bh5 {[%clk 0:32:24]} 47... Kd6 {
[%clk 0:55:24]} 48. Bf7 {[%clk 0:32:33]} 48... e3 {[%clk 0:54:43]} 49. Bh5 {
[%clk 0:32:49]} 49... Kc6 {[%clk 0:54:52]} 50. Kxe3 {[%clk 0:32:49]} 50... Kc5
{[%clk 0:55:10]} 51. Kd3 {[%clk 0:33:11]} 51... d4 {[%clk 0:55:27]} 52. cxd4+ {
[%clk 0:33:25]} 52... Kd5 {[%clk 0:55:49]} 53. Bf7+ {[%clk 0:33:45]} 1-0

[Event "ODJM C 2018"]
[Site "Willingen GER"]
[Date "2018.05.23"]
[Round "6"]
[White "Scharf, Christian"]
[Black "Wellßow, Keoki"]
[Result "0-1"]
[Termination "normal"]
[Board "4"]
[WhiteElo "1246"]
[BlackElo "1490"]
[WhiteClock "00:30:41"]
[BlackClock "00:34:18"]
[PlyCount "88"]
[WhiteFideId "16266110"]
[BlackFideId "16251075"]
[EventCountry "GER"]
[EventRounds "9"]
[EventType "swiss"]
[EventDate "2018.05.19"]

1. e4 {[%clk 1:30:30]} 1... d6 {[%clk 1:30:53]} 2. Nf3 {[%clk 1:30:42]} 2...
Nf6 {[%clk 1:31:00]} 3. Nc3 {[%clk 1:30:47]} 3... g6 {[%clk 1:31:45]} 4. d4 {
[%clk 1:31:51]} 4... Bg7 {[%clk 1:31:54]} 5. Bf4 {[%clk 1:29:20]} 5... O-O {
[%clk 1:31:08]} 6. Bd3 {[%clk 1:22:25]} 6... Bg4 {[%clk 1:26:07]} 7. h3 { [%clk
1:21:00]} 7... Bxf3 {[%clk 1:20:02]} 8. Qxf3 {[%clk 1:20:32]} 8... Nbd7 { [%clk
1:18:38]} 9. Qg3 {[%clk 1:14:25]} 9... Re8 {[%clk 1:16:00]} 10. Be3 { [%clk
1:12:46]} 10... e5 {[%clk 1:13:04]} 11. dxe5 {[%clk 1:09:35]} 11... dxe5 {[%clk
1:07:31]} 12. Qh2 {[%clk 0:55:28]} 12... Qe7 {[%clk 1:01:57]} 13. g4 { [%clk
0:47:24]} 13... Qb4 {[%clk 0:53:05]} 14. O-O-O {[%clk 0:40:32]} 14... Nc5
{[%clk 0:48:56]} 15. Bxc5 {[%clk 0:31:59]} 15... Qxc5 {[%clk 0:47:48]} 16. Be2
{[%clk 0:26:48]} 16... c6 {[%clk 0:43:04]} 17. g5 {[%clk 0:24:40]} 17... Nh5 {
[%clk 0:37:00]} 18. Bxh5 {[%clk 0:25:04]} 18... gxh5 {[%clk 0:37:18]} 19. Ne2 {
[%clk 0:23:34]} 19... Qc4 {[%clk 0:35:29]} 20. Nc3 {[%clk 0:21:07]} 20... b5 {
[%clk 0:31:34]} 21. Rd3 {[%clk 0:13:34]} 21... b4 {[%clk 0:27:15]} 22. b3 {
[%clk 0:13:26]} 22... Qa6 {[%clk 0:23:17]} 23. Na4 {[%clk 0:13:36]} 23... Rac8
{[%clk 0:22:10]} 24. c4 {[%clk 0:11:37]} 24... bxc3 {[%clk 0:20:57]} 25. Rxc3 {
[%clk 0:12:00]} 25... Qe2 {[%clk 0:20:43]} 26. f3 {[%clk 0:10:56]} 26... Qxh2 {
[%clk 0:18:33]} 27. Rxh2 {[%clk 0:11:23]} 27... Bf8 {[%clk 0:18:04]} 28. h4 {
[%clk 0:10:25]} 28... Ba3+ {[%clk 0:17:39]} 29. Kb1 {[%clk 0:10:28]} 29... Red8
{[%clk 0:16:59]} 30. Rc4 {[%clk 0:09:04]} 30... Rd1+ {[%clk 0:17:00]} 31. Kc2 {
[%clk 0:09:20]} 31... Rc1+ {[%clk 0:16:02]} 32. Kd3 {[%clk 0:09:29]} 32... Rd8+
{[%clk 0:15:42]} 33. Ke3 {[%clk 0:09:29]} 33... Rxc4 {[%clk 0:13:06]} 34. bxc4
{[%clk 0:09:52]} 34... Bc1+ {[%clk 0:13:07]} 35. Kf2 {[%clk 0:09:48]} 35... Rd4
{[%clk 0:10:08]} 36. Nc5 {[%clk 0:07:24]} 36... Rxc4 {[%clk 0:09:00]} 37. Nd7 {
[%clk 0:06:49]} 37... Rc2+ {[%clk 0:08:00]} 38. Kg1 {[%clk 0:07:06]} 38... Be3+
{[%clk 0:07:26]} 39. Kh1 {[%clk 0:07:27]} 39... Rc1+ {[%clk 0:07:16]} 40. Kg2 {
[%clk 0:07:49]} 40... Rg1+ {[%clk 0:05:21]} 41. Kh3 {[%clk 0:08:01]} 41... Bf4
{[%clk 0:04:42]} 42. Nf6+ {[%clk 0:01:56]} 42... Kh8 {[%clk 0:03:57]} 43. Rc2 {
[%clk 0:30:29]} 43... Rh1+ {[%clk 0:34:02]} 44. Kg2 {[%clk 0:30:41]} 44... Rh2+
{[%clk 0:34:18]} 0-1

[Event "ODJM C 2018"]
[Site "Willingen GER"]
[Date "2018.05.23"]
[Round "6"]
[White "Bakalarz, Adrian"]
[Black "Hoffmann, Alexander"]
[Result "1-0"]
[Termination "normal"]
[Board "5"]
[WhiteElo "1206"]
[BlackElo "1059"]
[WhiteClock "00:37:35"]
[BlackClock "00:56:37"]
[PlyCount "48"]
[WhiteFideId "12955809"]
[BlackFideId "16240219"]
[EventCountry "GER"]
[EventRounds "9"]
[EventType "swiss"]
[EventDate "2018.05.19"]

1. e4 {[%clk 1:30:30]} 1... e5 {[%clk 1:30:30]} 2. d4 {[%clk 1:30:54]} 2...
exd4 {[%clk 1:30:53]} 3. Nf3 {[%clk 1:31:22]} 3... Bb4+ {[%clk 1:29:43]} 4. c3
{[%clk 1:28:48]} 4... dxc3 {[%clk 1:29:10]} 5. Nxc3 {[%clk 1:29:03]} 5... Nc6 {
[%clk 1:28:44]} 6. Bc4 {[%clk 1:26:49]} 6... Nf6 {[%clk 1:25:53]} 7. e5 { [%clk
1:21:32]} 7... Ne4 {[%clk 1:19:46]} 8. Qd5 {[%clk 1:15:26]} 8... Qe7 { [%clk
1:05:43]} 9. Qxe4 {[%clk 1:12:29]} 9... d6 {[%clk 1:05:21]} 10. Bb5 { [%clk
1:08:58]} 10... Bd7 {[%clk 1:04:50]} 11. O-O {[%clk 1:01:28]} 11... a6 { [%clk
1:02:45]} 12. Bxc6 {[%clk 0:59:27]} 12... Bxc6 {[%clk 1:02:45]} 13. Qxb4 {[%clk
0:59:01]} 13... a5 {[%clk 1:02:46]} 14. Qf4 {[%clk 0:58:16]} 14... O-O { [%clk
1:02:41]} 15. exd6 {[%clk 0:56:18]} 15... cxd6 {[%clk 1:02:56]} 16. Re1 { [%clk
0:54:22]} 16... Qd7 {[%clk 1:02:45]} 17. Qg3 {[%clk 0:53:42]} 17... Kh8 { [%clk
1:02:42]} 18. Bf4 {[%clk 0:49:13]} 18... d5 {[%clk 1:01:21]} 19. h4 { [%clk
0:41:51]} 19... d4 {[%clk 1:00:55]} 20. Ne4 {[%clk 0:39:41]} 20... d3 { [%clk
1:00:09]} 21. h5 {[%clk 0:38:17]} 21... Bxe4 {[%clk 0:59:00]} 22. Rxe4 { [%clk
0:38:36]} 22... Qb5 {[%clk 0:57:29]} 23. h6 {[%clk 0:37:50]} 23... Qxb2 { [%clk
0:56:44]} 24. hxg7+ {[%clk 0:37:35]} 24... Kg8 {[%clk 0:56:37]} 1-0

[Event "ODJM C 2018"]
[Site "Willingen GER"]
[Date "2018.05.23"]
[Round "6"]
[White "Sarian, Gaya"]
[Black "Kretschmer, Sven"]
[Result "0-1"]
[Termination "normal"]
[Board "6"]
[WhiteElo "1143"]
[BlackElo "1201"]
[WhiteClock "00:50:33"]
[BlackClock "00:15:15"]
[PlyCount "118"]
[WhiteFideId "16266161"]
[BlackFideId "16234650"]
[EventCountry "GER"]
[EventRounds "9"]
[EventType "swiss"]
[EventDate "2018.05.19"]

1. e4 {[%clk 1:30:53]} 1... Nc6 {[%clk 1:30:54]} 2. Nf3 {[%clk 1:31:14]} 2...
e5 {[%clk 1:31:05]} 3. Nc3 {[%clk 1:31:17]} 3... Nf6 {[%clk 1:31:07]} 4. Bb5 {
[%clk 1:31:34]} 4... Bc5 {[%clk 1:30:32]} 5. d3 {[%clk 1:31:36]} 5... d6 {
[%clk 1:29:33]} 6. Bg5 {[%clk 1:30:10]} 6... h6 {[%clk 1:26:34]} 7. Bh4 { [%clk
1:29:48]} 7... g5 {[%clk 1:26:48]} 8. Bg3 {[%clk 1:30:02]} 8... Bd7 { [%clk
1:26:53]} 9. O-O {[%clk 1:29:29]} 9... Nd4 {[%clk 1:25:54]} 10. Bxd7+ { [%clk
1:29:15]} 10... Qxd7 {[%clk 1:26:04]} 11. h3 {[%clk 1:28:39]} 11... O-O-O
{[%clk 1:23:25]} 12. Nxd4 {[%clk 1:24:30]} 12... Bxd4 {[%clk 1:23:26]} 13. Qf3
{[%clk 1:24:30]} 13... Qe6 {[%clk 1:20:31]} 14. Qf5 {[%clk 1:20:14]} 14... Qxf5
{[%clk 1:19:47]} 15. exf5 {[%clk 1:19:36]} 15... Nh5 {[%clk 1:12:09]} 16. Bh2 {
[%clk 1:17:08]} 16... Ng7 {[%clk 1:09:27]} 17. g4 {[%clk 1:14:55]} 17... h5 {
[%clk 1:08:25]} 18. Kg2 {[%clk 1:10:49]} 18... hxg4 {[%clk 1:08:28]} 19. hxg4 {
[%clk 1:11:05]} 19... Rh4 {[%clk 1:07:20]} 20. f3 {[%clk 1:10:02]} 20... Rdh8 {
[%clk 0:59:59]} 21. Rh1 {[%clk 1:07:42]} 21... Ne8 {[%clk 0:50:52]} 22. Bg3 {
[%clk 1:05:49]} 22... Rxh1 {[%clk 0:51:08]} 23. Rxh1 {[%clk 1:05:28]} 23...
Rxh1 {[%clk 0:51:36]} 24. Kxh1 {[%clk 1:05:40]} 24... Nf6 {[%clk 0:51:30]} 25.
Kg2 {[%clk 1:06:00]} 25... Bxc3 {[%clk 0:51:51]} 26. bxc3 {[%clk 1:06:14]}
26... Nd5 {[%clk 0:52:06]} 27. d4 {[%clk 1:01:43]} 27... exd4 28. cxd4 { [%clk
1:01:55]} 28... Ne3+ {[%clk 0:48:07]} 29. Kf2 {[%clk 1:01:19]} 29... Nxc2
{[%clk 0:48:07]} 30. f4 {[%clk 0:59:54]} 30... gxf4 {[%clk 0:47:23]} 31. Bxf4 {
[%clk 0:59:37]} 31... Nxd4 {[%clk 0:47:33]} 32. Be3 {[%clk 0:58:49]} 32... Nc6
{[%clk 0:46:08]} 33. g5 {[%clk 0:56:34]} 33... Ne5 {[%clk 0:43:26]} 34. Bxa7 {
[%clk 0:55:50]} 34... b6 {[%clk 0:43:13]} 35. Ke3 {[%clk 0:53:47]} 35... Kb7 {
[%clk 0:35:22]} 36. Bxb6 {[%clk 0:53:55]} 36... Kxb6 {[%clk 0:35:31]} 37. Kf4 {
[%clk 0:53:48]} 37... c5 {[%clk 0:35:40]} 38. Ke4 {[%clk 0:53:10]} 38... c4 {
[%clk 0:32:42]} 39. Ke3 {[%clk 0:53:07]} 39... Kb5 {[%clk 0:32:10]} 40. Kd4 {
[%clk 0:53:07]} 40... Kb4 {[%clk 0:30:46]} 41. Ke3 {[%clk 0:53:13]} 41... Ka3 {
[%clk 0:30:56]} 42. Kd2 {[%clk 0:52:31]} 42... Kxa2 {[%clk 0:31:01]} 43. Kc3 {
[%clk 0:52:19]} 43... d5 {[%clk 0:30:38]} 44. Kd4 {[%clk 0:52:29]} 44... Nc6+ {
[%clk 0:16:05]} 45. Kxd5 {[%clk 0:52:03]} 45... c3 {[%clk 0:15:34]} 46. g6 {
[%clk 0:50:59]} 46... fxg6 {[%clk 0:15:45]} 47. fxg6 {[%clk 0:48:55]} 47... c2
{[%clk 0:15:57]} 48. g7 {[%clk 0:48:57]} 48... Ne7+ {[%clk 0:15:43]} 49. Ke6 {
[%clk 0:49:14]} 49... c1=Q {[%clk 0:16:02]} 50. Kxe7 {[%clk 0:49:23]} 50...
Qg5+ {[%clk 0:15:32]} 51. Kf7 {[%clk 0:49:23]} 51... Qf5+ {[%clk 0:13:36]} 52.
Kg8 {[%clk 0:49:38]} 52... Kb3 {[%clk 0:13:38]} 53. Kh8 {[%clk 0:49:36]} 53...
Qh5+ {[%clk 0:13:45]} 54. Kg8 {[%clk 0:49:51]} 54... Kc4 {[%clk 0:14:08]} 55.
Kf8 {[%clk 0:50:03]} 55... Qf5+ {[%clk 0:14:06]} 56. Kg8 {[%clk 0:50:11]} 56...
Kd5 {[%clk 0:14:29]} 57. Kh8 {[%clk 0:50:18]} 57... Qh5+ {[%clk 0:14:56]} 58.
Kg8 {[%clk 0:50:36]} 58... Ke6 {[%clk 0:15:15]} 59. Kf8 {[%clk 0:50:33]} 59...
Qf7# 0-1

[Event "ODJM C 2018"]
[Site "Willingen GER"]
[Date "2018.05.23"]
[Round "6"]
[White "Kail, Oliver"]
[Black "Feil, Alexander"]
[Result "1/2-1/2"]
[Termination "normal"]
[Board "7"]
[WhiteElo "1479"]
[BlackElo "1361"]
[PlyCount "75"]
[WhiteFideId "16228820"]
[BlackFideId "4002954"]
[EventCountry "GER"]
[EventRounds "9"]
[EventType "swiss"]
[EventDate "2018.05.19"]

1. e4 e5 2. Nf3 Nf6 3. Nc3 Nc6 4. Bb5 d6 5. d4 exd4 6. Nxd4 Bd7 7. Nxc6 Bxc6 8.
Bxc6+ bxc6 9. Bg5 Be7 10. O-O h6 11. Bh4 O-O 12. Re1 Nd7 13. Bxe7 Qxe7 14. a3
Rfe8 15. f3 Qe5 16. Qd2 Rab8 17. b3 Qc5+ 18. Qe3 Qxe3+ 19. Rxe3 d5 20. Ree1 d4
21. Rad1 c5 22. Na2 Red8 23. Rd2 Ne5 24. Red1 Nc6 25. Rb1 a5 26. a4 c4 27. Kf2
c3 28. Rdd1 Nb4 29. Nxb4 axb4 30. Rd3 c5 31. h4 Rb6 32. f4 f6 33. h5 Re8 34.
Kf3 Rbe6 35. Re1 f5 36. e5 g5 37. g3 g4+ 38. Ke2 1/2-1/2

[Event "ODJM C 2018"]
[Site "Willingen GER"]
[Date "2018.05.23"]
[Round "6"]
[White "Borgstädt, Leif"]
[Black "I., Natascha"]
[Result "0-1"]
[Termination "normal"]
[Board "8"]
[WhiteElo "1175"]
[BlackElo "1131"]
[PlyCount "92"]
[WhiteFideId "16266153"]
[BlackFideId "16257545"]
[EventCountry "GER"]
[EventRounds "9"]
[EventType "swiss"]
[EventDate "2018.05.19"]

1. d4 Nf6 2. c4 g6 3. Nc3 Bg7 4. Nf3 O-O 5. Bg5 d6 6. e3 Nbd7 7. Be2 e5 8. O-O
Re8 9. d5 c6 10. e4 Qb6 11. Rb1 Qc7 12. Qd2 a6 13. Rfd1 c5 14. b4 b6 15. bxc5
bxc5 16. h3 Bb7 17. Rb2 Rab8 18. Rdb1 Ba8 19. Rxb8 Rxb8 20. Rxb8+ Qxb8 21. Bd3
Bb7 22. Qb2 Qc7 23. Qd2 Nb6 24. Bxf6 Bxf6 25. a4 Bg7 26. Ng5 Qe7 27. a5 Nd7 28.
Nf3 Qd8 29. Ne2 Bc8 30. Ng5 Bh6 31. Ne6 Qh4 32. g3 Bxd2 33. gxh4 fxe6 34. dxe6
Nf6 35. Ng3 Bxe6 36. Ne2 Bxa5 37. Nc1 Bb4 38. Nb3 a5 39. Nc1 Bxh3 40. Kh2 Bg4
41. Kg3 Bd1 42. f3 a4 43. Bb1 Bd2 44. Nd3 a3 45. Ba2 Nd7 46. Nf2 Be2 0-1

[Event "ODJM C 2018"]
[Site "Willingen GER"]
[Date "2018.05.23"]
[Round "6"]
[White "Glöckl, Simon"]
[Black "Butenandt, Albrecht"]
[Result "1-0"]
[Termination "normal"]
[Board "9"]
[WhiteElo "1321"]
[BlackElo "1138"]
[PlyCount "67"]
[WhiteFideId "16266072"]
[BlackFideId "16213424"]
[EventCountry "GER"]
[EventRounds "9"]
[EventType "swiss"]
[EventDate "2018.05.19"]

1. d4 Nf6 2. Nf3 g6 3. Nbd2 Bg7 4. e4 d6 5. Bc4 O-O 6. O-O e5 7. dxe5 dxe5 8.
Nxe5 Nxe4 9. Nxe4 Bxe5 10. c3 Bf5 11. Ng3 Qh4 12. Bb3 Nc6 13. f4 Bg4 14. Qc2
Bd6 15. Ne4 Bf5 16. Qf2 Qxf2+ 17. Nxf2 Bc5 18. Kh1 Rad8 19. Nh3 Rd3 20. Bc2
Rxh3 21. Bxf5 Rh5 22. Be4 Re8 23. Bf3 Rh4 24. g3 Rh6 25. f5 Be3 26. Re1 gxf5
27. Rxe3 Rd8 28. Re8+ Rxe8 29. Bxh6 Re6 30. Bf4 Re7 31. Kg2 Kg7 32. Kf2 Kg6 33.
Rd1 a6 34. Rd5 1-0

[Event "ODJM C 2018"]
[Site "Willingen GER"]
[Date "2018.05.23"]
[Round "6"]
[White "Lohrmann, Linus"]
[Black "Werner, Florin"]
[Result "1/2-1/2"]
[Termination "normal"]
[Board "11"]
[WhiteElo "1369"]
[BlackElo "1194"]
[PlyCount "60"]
[WhiteFideId "12982857"]
[BlackFideId "16250230"]
[EventCountry "GER"]
[EventRounds "9"]
[EventType "swiss"]
[EventDate "2018.05.19"]

1. e4 e6 2. d4 d5 3. exd5 exd5 4. Nf3 Nf6 5. c4 c6 6. Bd3 h6 7. h3 Bd6 8. O-O
O-O 9. Nc3 Be6 10. c5 Bc7 11. Be3 Qd7 12. Qe2 Bxh3 13. Nh4 Bg4 14. f3 Be6 15.
Bxh6 gxh6 16. Kf2 Nh5 17. Rg1 Bg3+ 18. Ke3 Bxh4 19. g3 Bg5+ 20. f4 Bg4 21. Qf2
Re8+ 22. Kd2 Bf6 23. Rae1 Na6 24. Ne2 Nb4 25. Nc1 Nxd3 26. Nxd3 b6 27. Re3 Bxd4
28. Rxe8+ Qxe8 29. Qxd4 Qe2+ 30. Kc3 b5 1/2-1/2

[Event "ODJM C 2018"]
[Site "Willingen GER"]
[Date "2018.05.23"]
[Round "6"]
[White "Winkler, Yonathan"]
[Black "Zinnikus, Elias"]
[Result "1-0"]
[Termination "normal"]
[Board "12"]
[WhiteElo "1307"]
[BlackElo "944"]
[PlyCount "67"]
[WhiteFideId "16266080"]
[BlackFideId "16245024"]
[EventCountry "GER"]
[EventRounds "9"]
[EventType "swiss"]
[EventDate "2018.05.19"]

1. e4 d6 2. d4 Nf6 3. Nc3 g6 4. f4 Bg7 5. Nf3 c5 6. dxc5 O-O 7. cxd6 exd6 8.
Be2 Nc6 9. Nd5 Nxe4 10. O-O Bg4 11. Bd3 Nf6 12. Ne3 Nh5 13. Nxg4 Nd4 14. c3
Nxf3+ 15. Qxf3 Qh4 16. Be3 Rfe8 17. Bf2 Qe7 18. Rae1 Qd7 19. Rxe8+ Rxe8 20.
Bxa7 b5 21. Bf2 Qe6 22. Re1 Qd7 23. Rxe8+ Qxe8 24. g3 Nf6 25. Nxf6+ Bxf6 26.
Qe2 Qxe2 27. Bxe2 b4 28. Bd4 bxc3 29. Bxc3 Bxc3 30. bxc3 Kf8 31. Kf2 Ke7 32.
Ke3 d5 33. Kd4 Kd6 34. Bf3 1-0

[Event "ODJM C 2018"]
[Site "Willingen GER"]
[Date "2018.05.23"]
[Round "6"]
[White "Torosyan, Bagrat"]
[Black "Herbertz, Daria"]
[Result "1-0"]
[Termination "normal"]
[Board "13"]
[WhiteElo "1170"]
[BlackElo "1394"]
[PlyCount "113"]
[WhiteFideId "16258134"]
[BlackFideId "16222989"]
[EventCountry "GER"]
[EventRounds "9"]
[EventType "swiss"]
[EventDate "2018.05.19"]

1. e4 c5 2. Nf3 d6 3. d4 cxd4 4. Nxd4 a6 5. Nc3 e6 6. Be2 g6 7. Be3 Bg7 8. O-O
Ne7 9. f4 Nec6 10. f5 Nxd4 11. Bxd4 e5 12. Be3 Nc6 13. Nd5 f6 14. Bb6 Qd7 15.
Nc7+ Ke7 16. Nxa8 gxf5 17. Nc7 Kf8 18. exf5 Nb4 19. Ne6+ Kf7 20. Bh5+ Kg8 21.
Nxg7 Qxg7 22. Qxd6 Qg5 23. Qd8+ Kg7 24. Qe7+ Kh6 25. Qxb4 Qxh5 26. Rf3 Bxf5 27.
Be3+ Kg6 28. Rg3+ Kf7 29. Qc4+ Ke8 30. Rf1 Rf8 31. Rg8 Rxg8 32. Qxg8+ Ke7 33.
Qg7+ Ke6 34. Qxb7 Qe2 35. Qc8+ Kd5 36. Qxf5 Qxe3+ 37. Kh1 Qe2 38. Qf3+ Qxf3 39.
Rxf3 e4 40. Rxf6 e3 41. Kg1 e2 42. Kf2 e1=Q+ 43. Kxe1 Ke5 44. Rxa6 h6 45. Rxh6
Kf4 46. a4 Kg5 47. Rh3 Kf5 48. a5 Kg4 49. a6 Kg5 50. a7 Kg4 51. a8=Q Kf4 52.
Qa4+ Kg5 53. Rb3 Kf6 54. Rb5 Ke6 55. Qa6+ Kd7 56. Rb7+ Kd8 57. Qa8# 1-0

[Event "ODJM C 2018"]
[Site "Willingen GER"]
[Date "2018.05.23"]
[Round "6"]
[White "Zobel, Christian Erik"]
[Black "Altgelt, Helene"]
[Result "1/2-1/2"]
[Termination "normal"]
[Board "14"]
[WhiteElo "1240"]
[BlackElo "1199"]
[PlyCount "56"]
[WhiteFideId "16259068"]
[BlackFideId "16232020"]
[EventCountry "GER"]
[EventRounds "9"]
[EventType "swiss"]
[EventDate "2018.05.19"]

1. e4 c6 2. d4 d5 3. exd5 cxd5 4. Bd3 Nc6 5. c3 Nf6 6. h3 Bd7 7. Bf4 e6 8. Nf3
Qb6 9. Qc2 Rc8 10. Qb3 Qxb3 11. axb3 Be7 12. Nbd2 O-O 13. O-O Nh5 14. Bh2 Bd8
15. Bd6 Re8 16. b4 a6 17. b5 axb5 18. Bxb5 Bc7 19. Bb4 Nf6 20. Ba3 e5 21. dxe5
Nxe5 22. Nd4 Bxb5 23. Nxb5 Re6 24. Rfe1 Bb6 25. Bb4 Nd3 26. Rxe6 fxe6 27. Nd6
Bxf2+ 28. Kf1 Rb8 1/2-1/2

[Event "ODJM C 2018"]
[Site "Willingen GER"]
[Date "2018.05.23"]
[Round "6"]
[White "Foos, Vanessa"]
[Black "Shapiro, Danil"]
[Result "1/2-1/2"]
[Termination "normal"]
[Board "15"]
[WhiteElo "1171"]
[BlackElo "1238"]
[PlyCount "76"]
[WhiteFideId "16245270"]
[BlackFideId "16260015"]
[EventCountry "GER"]
[EventRounds "9"]
[EventType "swiss"]
[EventDate "2018.05.19"]

1. e4 e6 2. d4 d5 3. exd5 exd5 4. Bd3 Nc6 5. Ne2 Nf6 6. Bf4 Bd6 7. Nbc3 Bxf4 8.
Nxf4 Nxd4 9. Qd2 O-O 10. Bxh7+ Kxh7 11. Qxd4 Qe7+ 12. Nfe2 c6 13. O-O-O Bf5 14.
Rhe1 Qc7 15. Ng3 Bg6 16. Qh4+ Kg8 17. Qh3 Qf4+ 18. Rd2 Rfe8 19. Rxe8+ Rxe8 20.
Kd1 Qg4+ 21. Qxg4 Nxg4 22. h3 Nf6 23. Re2 Rxe2 24. Ngxe2 Ne4 25. Nxe4 Bxe4 26.
f3 Bg6 27. Kd2 f6 28. c3 Kf7 29. Ke3 c5 30. Nf4 Bf5 31. Nxd5 Be6 32. c4 g5 33.
Ke4 f5+ 34. Ke5 f4 35. Nc7 Bxc4 36. Kf5 Bf1 37. Kxg5 Bxg2 38. Kxf4 Bxh3 1/2-1/2

[Event "ODJM C 2018"]
[Site "Willingen GER"]
[Date "2018.05.23"]
[Round "6"]
[White "Muhina, Liana"]
[Black "Wellßow, Lio Keanu"]
[Result "1-0"]
[Termination "normal"]
[Board "16"]
[WhiteElo "1203"]
[BlackElo "1004"]
[PlyCount "53"]
[WhiteFideId "16266145"]
[BlackFideId "16252837"]
[EventCountry "GER"]
[EventRounds "9"]
[EventType "swiss"]
[EventDate "2018.05.19"]

1. e4 c5 2. Nc3 Nc6 3. Bc4 g6 4. d3 Bg7 5. Be3 Nf6 6. h3 d6 7. Qd2 O-O 8. Bh6
Nd4 9. Bxg7 Kxg7 10. f4 a6 11. Nf3 b5 12. Nxd4 cxd4 13. Nd5 bxc4 14. Nxf6 exf6
15. dxc4 Qb6 16. h4 h5 17. f5 Re8 18. O-O-O Rxe4 19. fxg6 fxg6 20. Rhe1 Bf5 21.
Rxe4 Bxe4 22. Re1 Bxg2 23. Qxg2 Rb8 24. Re7+ Kh8 25. b3 Qa5 26. Qxg6 Qa3+ 27.
Kd1 1-0

[Event "ODJM C 2018"]
[Site "Willingen GER"]
[Date "2018.05.23"]
[Round "6"]
[White "Reichel, Sara"]
[Black "Schulz, Jonas"]
[Result "1/2-1/2"]
[Termination "normal"]
[Board "17"]
[WhiteElo "1192"]
[BlackElo "1078"]
[PlyCount "40"]
[WhiteFideId "16245130"]
[BlackFideId "16245172"]
[EventCountry "GER"]
[EventRounds "9"]
[EventType "swiss"]
[EventDate "2018.05.19"]

1. e4 e5 2. Nf3 Nc6 3. Bc4 Bc5 4. d4 Bxd4 5. Nxd4 Nxd4 6. f4 d6 7. Be3 Ne6 8.
O-O Ne7 9. Nc3 c6 10. f5 Nc7 11. f6 gxf6 12. Qh5 Ng6 13. Rf2 Be6 14. Bxe6 Nxe6
15. Raf1 Qe7 16. Rxf6 Nef4 17. Qf5 Rg8 18. Kh1 Nh8 19. Qxh7 O-O-O 20. Qf5+ Ne6
1/2-1/2

[Event "ODJM C 2018"]
[Site "Willingen GER"]
[Date "2018.05.23"]
[Round "6"]
[White "Guo, Jacob Tingshen"]
[Black "Zalomska, Nikola"]
[Result "1/2-1/2"]
[Termination "normal"]
[Board "18"]
[WhiteElo "1108"]
[BlackElo "1174"]
[PlyCount "41"]
[WhiteFideId "16245245"]
[BlackFideId "16241290"]
[EventCountry "GER"]
[EventRounds "9"]
[EventType "swiss"]
[EventDate "2018.05.19"]

1. e4 e5 2. Nf3 Nc6 3. d4 exd4 4. Nxd4 Bc5 5. Be3 Qf6 6. c3 Nge7 7. Qf3 Qxf3 8.
Nxf3 Bxe3 9. fxe3 d6 10. Bd3 O-O 11. O-O a6 12. Nbd2 h6 13. Nd4 Ne5 14. Be2 Bd7
15. h3 Rae8 16. b3 c5 17. N4f3 N7c6 18. Rad1 b5 19. c4 b4 20. Rc1 g6 21. Rcd1
1/2-1/2